Synthetic Nucleotides (Record no. 17129)
[ view plain ]
| 000 -LEADER | |
|---|---|
| fixed length control field | 00284nam a22001217a 4500 |
| 008 - FIXED-LENGTH DATA ELEMENTS--GENERAL INFORMATION | |
| fixed length control field | 140526t xxu||||| |||| 00| 0 eng d |
| 020 ## - INTERNATIONAL STANDARD BOOK NUMBER | |
| International Standard Book Number | 9780442783587 |
| 100 ## - MAIN ENTRY--PERSONAL NAME | |
| Personal name | George R. Pettit |
| 9 (RLIN) | 889 |
| 245 ## - TITLE STATEMENT | |
| Title | Synthetic Nucleotides |
| 300 ## - PHYSICAL DESCRIPTION | |
| Extent | 252 |
| 440 ## - SERIES STATEMENT/ADDED ENTRY--TITLE | |
| Volume/sequential designation | volume 1 |
| 9 (RLIN) | 890 |
| 942 ## - ADDED ENTRY ELEMENTS (KOHA) | |
| Source of classification or shelving scheme | |
| Koha item type | Book |
| Withdrawn status | Lost status | Source of classification or shelving scheme | Damaged status | Not for loan | Collection code | Permanent Location | Current Location | Date acquired | Total Checkouts | Full call number | Barcode | Date last seen | Price effective from | Koha item type |
|---|---|---|---|---|---|---|---|---|---|---|---|---|---|---|
| Atta-ur-Rahman School of Applied Biosciences (ASAB) | Atta-ur-Rahman School of Applied Biosciences (ASAB) | 05/26/2014 | 547 PET | ASAB2247 | 05/26/2014 | 05/26/2014 | Book |
